000 00975nmm a2200289 a 4500
001 ocm000601716
003 TR-IsHL
005 20201028125934.0
008 130927s1996 tu tur
007 cr cn
020 _a9789755201313
035 _a601716
_b(N$T)
050 0 4 _aDR558
_b.M87 1996
090 0 4 _aDR558
_b.M87 1996
100 1 _aMustafa Sami Efendi
245 1 0 _aAvrupa risalesi
_h[electronic resource] /
_cMustafa Sami Efendi ; haz. Remzi Demir
250 _a1. bs.
260 _aAnkara :
_bGündogan Yayınları,
_c1996
300 _a64 p.
650 4 _aPolitika ve Uluslararası İlişkiler
650 4 _aPolitics and International Relations
650 0 _aAvrupa
_x Entellektüel yaşam
650 0 _aEurope
_x Intellectual life
650 7 _aPOLITICAL SCIENCE / International Relations / General
_2bisacsh
700 1 _aDemir, Remzi
856 4 0 _uhttp://search.ebscohost.com/login.aspx?direct=true&scope=site&db=e011xww&AN=601716
999 _c3754
_d3754